Städte, die auf einer Karte mit K beginnen - Statistiken

Allgemein
  • Dieses Quiz wurde 143 mal gespielt
  • Das Durchschnittsergebnis liegt bei 11 aus 20
Antworten auf der Karte
Die Antworten werden auf der Karte rot bzw. grün angezeigt, abhängig davon wie oft sie richtig erraten wurden.
 
Antwortstatistiken
Stadt % Korrekt
Kyjiw
92%
Krakau
89%
Kinshasa
79%
Kuala Lumpur
78%
Kuwait-Stadt
77%
Kingston
72%
Kabul
68%
Kathmandu
68%
Kyoto
68%
Kansas City
63%
Khartum
62%
Kalkutta
60%
Kampala
54%
Kigali
52%
Karachi
39%
Kasan
35%
Kano
24%
Kunming
13%
Kandy
8%
Kaohsiung
8%
Keine übereinstimmenden Quizze gefunden
Verteilung der Resultate
Anzahl Personen mit jedem Resultat
Perzentil nach korrekt beantworteten Fragen
Ihre Resultats-Entwicklung
Sie haben dieses Quiz noch nicht gespielt